Statistics for Квиз о Словенији

Click here to take the quiz!

General Stats

  • This quiz has been taken 246 times
  • The average score is 16 of 20

Answer Stats

ОписОдговор% Correct
Главни градЉубљана
99%
Државе са којима се граничиХрватска
99%
Државе са којима се граничиИталија
98%
Државе са којима се граничиАустрија
97%
Море на које Словенија излазиЈадранско море
96%
Држава од које је Словенија добила независност 1991.Југославија
95%
ВалутаЕвро
94%
Званичан језикСловеначки
93%
Државе са којима се граничиМађарска
91%
Етничка групација у коју спадају Словенци, Срби и РусиСловени
86%
Словеначка манекенка која је постала прва дама САД{Меланија} Трамп
85%
Други најмногољуднији градМарибор
84%
Планински венац у којем се налазиЈулијски {Алпи}
82%
Именуј једну од три најдуже реке које пролазе кроз СловенијуСава | Драва | Мура
79%
Највиша планина (појављује се на грбу)Триглав
73%
Између 1880–1910 процењено је да је сваки шести Словенац емигрирао у ову државуСједињене Америчке Државе
49%
Човечја рибица је репати водоземац. У ком облику рељефа најчешће живе?У пећини
44%
Највећа пивара у Словенији се налази у овом местуЛашко
44%
Бивша валутаТолар
43%
Грађевина на острвцету у средини Бледског језераЦрква
38%

Score Distribution

Percentile by Number Answered

Percent of People with Each Score

Your Score History

You have not taken this quiz